Normal view
MARC view
- السيد، اسامه محمد، م مشارك عباس حلمي الجميل
Entry Personal Name
001 - CONTROL NUMBER
- control field: 61900
003 - CONTROL NUMBER IDENTIFIER
- control field: JO-AjAnu
005 - DATE AND TIME OF LATEST TRANSACTION
- control field: 20230606084118.0
008 - FIXED-LENGTH DATA ELEMENTS
- fixed length control field: 230606|| aca||aabn | a|a d
040 ## - CATALOGING SOURCE
- Original cataloging agency: JO-AjAnu
- Transcribing agency: JO-AjAnu
100 ## - HEADING--PERSONAL NAME
- Personal name: السيد، اسامه محمد، م مشارك عباس حلمي الجميل
670 ## - SOURCE DATA FOUND
- Source citation: Work cat.: (JO-AjAnu)31571: السيد، اسامه محمد، م مشارك عباس حلمي الجميل, author, التدريب والتربية المهنية المستدامة